L'espace touristique/
Shranjeno v:
| Format: | Sách giấy |
|---|---|
| Jezik: | French |
| Izdano: |
Sainte-Foy, Quebec:
Presses de l'université du Québec,
1999
|
| Oznake: |
Označite
Brez oznak, prvi označite!
|
| Thư viện lưu trữ: | Thư viện Trường Đại học Đà Lạt |
|---|
| LEADER | 00646nam a2200241 4500 | ||
|---|---|---|---|
| 001 | DLU030025404 | ||
| 020 | # | # | |a 2760510271 |
| 040 | # | # | |a DLU |b vie |
| 041 | # | # | |a fre |
| 044 | # | # | |a CA |
| 082 | # | # | |a 338.479 1 |b L'es |
| 245 | # | # | |a L'espace touristique/ |c Presses de l'université du Québec |
| 260 | # | # | |a Sainte-Foy, Quebec: |b Presses de l'université du Québec, |c 1999 |
| 300 | # | # | |a 287p.: |b ill; |c 23cm. |
| 504 | # | # | |a Includes bibliographical references (p.[251-287]). |
| 994 | # | # | |a DLU |
| 900 | # | # | |a True |
| 911 | # | # | |a Lê Thị Mạnh Xuân |
| 925 | # | # | |a G |
| 926 | # | # | |a A |
| 927 | # | # | |a SH |
| 980 | # | # | |a Thư viện Trường Đại học Đà Lạt |


